Το τραπεζικό απόρρητο στο ιδιωτικό δίκαιο

Αποθηκεύτηκε σε:
Λεπτομέρειες βιβλιογραφικής εγγραφής
Κύριος συγγραφέας: Κουτσούκης, Δημήτρης Βασ
Μορφή: Βιβλίο
Γλώσσα:Greek
Δημοσίευση: Αθήνα-Κομοτηνή : Σάκκουλας, 1994
Θέματα:
Ετικέτες: Προσθήκη ετικέτας
Δεν υπάρχουν, Καταχωρήστε ετικέτα πρώτοι!

MARC

LEADER 00000cam a2200000 i 4500
001 1/16773
008 010205s1994 gre d
020 |a 960-232-155-5 
035 |l 10065897 
040 |a GR-MY-UA  |b gre  |e aacr 
041 0 |a gre 
082 0 |a 346.495082 
100 1 |a Κουτσούκης, Δημήτρης Βασ. 
245 1 3 |a Το τραπεζικό απόρρητο στο ιδιωτικό δίκαιο /  |c Δημήτρη Β. Κουτσούκη 
260 |a Αθήνα-Κομοτηνή :   |b Σάκκουλας,   |c 1994 
300 |a xxxi, 307 σ. 
504 |a Περιλαμβάνει ευρετήριο και βιβλιογραφία 
650 0 0 |a Banking law  |z Greece. 
650 0 0 |a Private companies  |z Greece. 
852 |a INST  |b CHIOS  |e 20010205  |h 346.495082 ΚΟΥ  |p 005200021506  |q 005200021506  |t BK  |y 0 
901 |a BIBL2-2001-1 
909 |a Χ  |b 083117 
970 |a ΣΑΛΑΜΟΥΡΑ  |b ΜΑΡΙΑ  |z 2001/02/05